Tunely '98 1. medzinárodná výstava a sympózium výstavby podzemných objektov : zborník prednášok, Žilina 2.-5.6.1998

Bibliographic Details
Corporate Author: Tunely Žilina, Slovensko (Author)
Format: Conference Proceeding Book
Language:Slovak
Czech
English
German
PhysicalDescription:207 strán fotografie, mapy, schémy, tabuľky 21 cm
Published: Žilina Dom techniky ZSVT 1998
ISBN:8023103326
Subjects:

MARC

LEADER 00000cam a2200000 a 4500
001 vtls001348434
003 SK-MaSNL
005 20260301070305.0
008 220509s1998 xo obl frn 10000 slo
015 |a SNBA1999/03-00803 
020 |a 8023103326 
035 |a SNK000301716 
035 |a urn:nbn:sk:snk-am3izo7 
035 |a 8E085701-2851-4451-BA0D-40292AE8D8EF 
035 |a urn:nbn:sk:snk-am00gmjl 
040 |a SNK  |b slo  |c SNK  |e AACR2 
041 0 |a slo  |a cze  |a eng  |a ger 
044 |a xo  |c SK 
072 7 |a 624  |x Stavebné inžinierstvo  |2 konspekt 
080 |a 624.19.035.4(082)=00  |2 1981 
080 |a 624.19  |2 2011 
080 |a (062.534)  |2 2011 
080 |a 624.1  |2 2011 
111 2 |a Tunely  |n (1.:  |d 1998 :  |c Žilina, Slovensko)  |4 aut  |9 386275 
245 1 0 |a Tunely '98  |b 1. medzinárodná výstava a sympózium výstavby podzemných objektov : zborník prednášok, Žilina 2.-5.6.1998 
260 |a Žilina  |b Dom techniky ZSVT  |c 1998 
300 |a 207 strán  |b fotografie, mapy, schémy, tabuľky  |c 21 cm 
366 |e 220 kusov 
500 |a Názov z obálky 
504 |a Obsahuje bibliografické odkazy 
546 |a Čiastočný text v angličtine, češtine a nemčine 
650 0 7 |a tunely  |2 SNKPH  |9 14604 
650 0 7 |a podzemné stavby  |2 SNKPH  |9 67983 
655 7 |a zborníky konferencií  |2 SNKPH  |9 70153 
919 |a 80-231-0332-6 
958 |a ART 
958 |a TL 
958 |a NB 
958 |a OND 
999 |c 633839  |d 635769 
952 |t P60, <09>, [BOOK], {629}  |a SNK  |b SNK  |y NEVYP  |7 0  |o snkC 872  |i snk1641/981117  |0 0  |1 0  |4 0  |d 1998-11-17  |l 0  |r 2005-01-02 00:00:00  |w 2026-02-23 
952 |t P60, <03>, [BOOK], {603}  |a SNK  |b SNK  |y PREZ  |7 0  |p 17A0168600  |o snkSC 97205  |i snkKSP 10569/98  |0 0  |1 0  |4 0  |d 1998-11-17  |l 0  |r 2025-09-16 00:00:00  |w 2026-02-23 
952 |t P60, <04>, [BOOK], {604}  |a SNK  |b SNK  |y VYP  |7 0  |p 17A0168601  |o snkSC 97205 D1  |i snkKSP 10570/98  |0 0  |1 0  |4 0  |d 1998-11-17  |l 0  |r 2005-01-02 00:00:00  |w 2026-02-23